000 00357 a2200157 4500
003 Nust
005 20230130104718.0
040 _cNust
082 _a920,NAC
100 _aNachshen, Donia
_9108019
245 _aThe Works of Oscar Wilde /
_cDonia Nachshen
260 _aLondon
_bCollins
300 _a1206;p
650 _aBiography
_9461
942 _2ddc
_cBK
999 _c187144
_d187144